| 000 | 00773nam a22002657a 4500 | ||
|---|---|---|---|
| 001 | 3438 | ||
| 003 | FISKH | ||
| 005 | 20240306085458.0 | ||
| 008 | 240305b cb ||||| |||| 00| 0 eng d | ||
| 020 | _a708431306752 | ||
| 040 |
_aFISKH _beng _cFISKH _dFISKH |
||
| 050 | _a372.4 | ||
| 100 |
_aPixar, Disney _eauthor |
||
| 245 |
_aThe world of cars : _bTractor tipping / _cby Disnep Pixar |
||
| 300 |
_a25 pages : _bcolor illustrations ; _c24 cm . |
||
| 490 | _a Leap Frog TAG Reading System | ||
| 505 | _aG | ||
| 520 | _aThe World of Cars - Tractor Tipping - Tag Book | ||
| 521 | 8 |
_a300
_bLexile estimate |
|
| 521 | 8 |
_aG
_bRaz-Plus |
|
| 600 |
_2transportation _vJuvenile Fiction |
||
| 650 | _atransportation | ||
| 942 |
_2ddc _cBK _n0 |
||
| 999 |
_c3438 _d3438 |
||